Half of dams risk crumbling (Record no. 65257)
[ view plain ]
| 000 -LEADER | |
|---|---|
| fixed length control field | 00821cam a2200205 4500 |
| 001 - CONTROL NUMBER | |
| control field | WB3645-13 |
| 008 - FIXED-LENGTH DATA ELEMENTS--GENERAL INFORMATION | |
| fixed length control field | 000000n2000 000 0 eng u |
| 035 ## - SYSTEM CONTROL NUMBER | |
| System control number | (Sirsi) u109329 |
| 245 ## - TITLE STATEMENT | |
| Title | Half of dams risk crumbling |
| 260 ## - PUBLICATION, DISTRIBUTION, ETC. | |
| Date of publication, distribution, etc. | 2000 |
| 490 ## - SERIES STATEMENT | |
| Series statement | Times |
| Volume/sequential designation | 13 November 2000, 7(1) |
| 520 ## - SUMMARY, ETC. | |
| Summary, etc. | Insurance industry warns that up to 1,300 dams are at severe risk of crumbling. Global warming triggering extreme weather could increase 'overtopping' in which flood waters rise over the top of dams and erodes their earth embankments. Considers a report by the Chartered Insurance Institute on the impact of climate change in the UK. |
| 590 ## - LOCAL NOTE (RLIN) | |
| Local note | WB |
| 650 ## - SUBJECT ADDED ENTRY--TOPICAL TERM | |
| Topical term or geographic name entry element | DAMS |
| 650 ## - SUBJECT ADDED ENTRY--TOPICAL TERM | |
| Topical term or geographic name entry element | GLOBAL WARMING |
| 650 ## - SUBJECT ADDED ENTRY--TOPICAL TERM | |
| Topical term or geographic name entry element | CLIMATE CHANGE |
| 650 ## - SUBJECT ADDED ENTRY--TOPICAL TERM | |
| Topical term or geographic name entry element | FLOODING |
| 690 ## - LOCAL SUBJECT ADDED ENTRY--TOPICAL TERM (OCLC, RLIN) | |
| Topical term or geographic name as entry element | ENVIRONMENTAL AND LAND CONSULTANCY |
| 942 ## - ADDED ENTRY ELEMENTS (KOHA) | |
| Suppress in OPAC | 0 |
| Withdrawn status | Lost status | Source of classification or shelving scheme | Damaged status | Not for loan | Home library | Current library | Shelving location | Date acquired | Total Checkouts | Full call number | Barcode | Date last seen | Copy number | Price effective from | Koha item type |
|---|---|---|---|---|---|---|---|---|---|---|---|---|---|---|---|
| Dewey Decimal Classification | London | London | News article | 14/11/2000 | WB3645-13 | 109329-1001 | 06/08/2019 | 1 | 06/08/2019 | News article |